| 000 | 00545nam a22001817a 4500 | ||
|---|---|---|---|
| 005 | 20231030113238.0 | ||
| 008 | 231030b |||||||| |||| 00| 0 eng d | ||
| 020 | _a0409012351 | ||
| 041 | _aEnglish | ||
| 082 | _a347.7 BEC | ||
| 100 |
_aIsaacs, I _lEnglish |
||
| 245 |
_aBeck's Theory and Principles of Pleading in Civil Actions / _cI Isaacs |
||
| 250 | _aFifth Edition | ||
| 260 |
_aDurban : _bButterworths, _c1982 |
||
| 300 |
_blxxiii, 358 pages ; _c25,5 cm. |
||
| 650 |
_alegal practice _bLaw |
||
| 942 |
_cBK _6ALISON_BN_VRIES |
||
| 999 |
_c140 _d140 |
||